| 000 | 00573nam a2200169 a 4500 | ||
|---|---|---|---|
| 008 | 120416s1973 ||||||||||||||||| || u | ||
| 020 | _a007053330X | ||
| 050 | _aQA 154.2 Rob | ||
| 100 | _aRobison, J. Vincent | ||
| 245 | 1 | 0 | _aModern algebra and trigonometry. (2nd ed.) |
| 250 | _a2nd ed. | ||
| 260 |
_aNew York: _bMcGraw-Hill _c1973 |
||
| 300 | _axiii, 431p. : ill | ||
| 350 | _a0.00 | ||
| 650 | _aPLANE TRIGONOMETRY | ||
| 995 |
_D0.00 _FCBU-MAIN LIBRARY (Kitwe) _H1 _I42.95 _M1 _UDAMAGED _ZMain Library Open Access Collection |
||
| 999 |
_c51405 _d51405 |
||